[Event "Wch U14"]
[White "Salinas Cardenas, Rodrigo Salvador"]
[Black "George Micheal, Kevin"]
[Site "Montesilvano"]
[Round "5"]
[Result "1/2-1/2"]
[Date "2023.11.17"]
[WhiteElo "1714"]
[BlackElo "2317"]
[PlyCount "108"]
[EventDate "2023.11.13"]
[EventType "swiss"]
[EventRounds "11"]
[EventCountry "ITA"]
[SourceTitle "CBM 217 Extra"]
[Source "ChessBase"]
[SourceDate "2024.01.31"]
[SourceVersion "1"]
[SourceVersionDate "2024.01.31"]
[SourceQuality "1"]

1. Nf3 d5 2. d4 Nf6 3. c4 c6 4. cxd5 cxd5 5. Nc3 Nc6 6. Bf4 a6 7. e3 Bf5 8. Ne5 Qb6 9. Qb3 Qxb3 10. axb3 Rc8 11. Bd3 Bxd3 12. Nxd3 e6 13. h3 Be7 14. Ke2 0-0 15. Rhc1 Nd7 16. Na4 Na7 17. Ne5 Nxe5 18. Bxe5 Rxc1 19. Rxc1 Rc8 20. Rxc8+ Nxc8 21. Bc7 Kf8 22. Nb6 Nxb6 23. Bxb6 Ke8 24. Ba5 Kd7 25. Kd3 Kc6 26. Be1 Kb5 27. f3 f5 28. f4 Bb4 29. Bf2 a5 30. Kc2 Kc6 31. Kd3 Kb5 32. Kc2 a4 33. Bg3 Bd6 34. Be1 Be7 35. h4 g6 36. Bf2 Bb4 37. Bg3 Ba5 38. Bf2 h6 39. Bg3 Bb4 40. Bf2 Ka5 41. Bg3 Be7 42. Be1+ Bb4 43. Bg3 b5 44. Bf2 Be7 45. Be1+ b4 46. bxa4 Kxa4 47. b3+ Kb5 48. Kd3 Kc6 49. Ke2 Kd7 50. g3 Ke8 51. Kf3 Kf7 52. Kg2 g5 53. hxg5 hxg5 54. Kh3 g4+ 1/2-1/2

[Event "Wch U14"]
[White "Salinas Cardenas, Rodrigo Salvador"]
[Black "Besou, Hussain"]
[Site "Montesilvano"]
[Round "3"]
[Result "1/2-1/2"]
[Date "2023.11.15"]
[WhiteElo "1714"]
[BlackElo "2341"]
[PlyCount "101"]
[EventDate "2023.11.13"]
[EventType "swiss"]
[EventRounds "11"]
[EventCountry "ITA"]
[SourceTitle "CBM 217 Extra"]
[Source "ChessBase"]
[SourceDate "2024.01.31"]
[SourceVersion "1"]
[SourceVersionDate "2024.01.31"]
[SourceQuality "1"]

1. d4 Nf6 2. c4 e6 3. Nf3 d5 4. Nc3 Be7 5. cxd5 exd5 6. Bg5 0-0 7. e3 Re8 8. Bd3 c6 9. 0-0 Nbd7 10. Qc2 h6 11. Bf4 Nf8 12. h3 Bd6 13. Bxd6 Qxd6 14. Rab1 Be6 15. Ne5 N6d7 16. Nxd7 Bxd7 17. Na4 b6 18. b4 Ne6 19. Rfc1 Ng5 20. Bf5 Bxf5 21. Qxf5 Ne4 22. Rc2 Re6 23. Nc3 Nf6 24. b5 c5 25. dxc5 bxc5 26. Rd1 Re5 27. Qf3 Rd8 28. Rcd2 Qe6 29. a4 g6 30. a5 Kg7 31. Kh1 d4 32. exd4 Re1+ 33. Kh2 Rxd1 34. Qxd1 cxd4 35. g3 Qf5 36. Kg1 Rc8 37. Ne2 Ne4 38. Nxd4 Qf6 39. Ra2 Nc3 40. Qg4 Re8 41. Rc2 Re4 42. Qf3 Qxf3 43. Nxf3 Nxb5 44. Rc5 a6 45. Rc6 Re6 46. Rxe6 fxe6 47. Ne5 g5 48. f4 Kf6 49. Kf2 gxf4 50. gxf4 Kf5 51. Ke3 1/2-1/2

[Event "Wch U20 60th"]
[White "Salinas Cardenas, Rodrigo Salvador"]
[Black "Peyrer, Konstantin"]
[Site "Mexico City"]
[Round "1"]
[Result "0-1"]
[Date "2023.09.21"]
[WhiteElo "1714"]
[BlackElo "2430"]
[PlyCount "144"]
[EventDate "2023.09.21"]
[EventType "swiss"]
[EventRounds "11"]
[EventCountry "MEX"]
[SourceTitle "CBM 216 Extra"]
[Source "ChessBase"]
[SourceDate "2023.11.30"]
[SourceVersion "1"]
[SourceVersionDate "2023.11.30"]
[SourceQuality "1"]

1. d4 Nf6 2. c4 e6 3. Nc3 Bb4 4. f3 c5 5. a3 Ba5 6. Bg5 Qb6 7. Bd2 cxd4 8. Nb5 Bxd2+ 9. Qxd2 Nc6 10. Rd1 d5 11. cxd5 Nxd5 12. Nxd4 Bd7 13. e4 Nxd4 14. Qxd4 Qxd4 15. Rxd4 Ne3 16. Kf2 Nxf1 17. Kxf1 Rc8 18. Ke1 Rc1+ 19. Rd1 Rxd1+ 20. Kxd1 Ba4+ 21. Kc1 Ke7 22. Ne2 Rd8 23. Nc3 Bb3 24. Re1 a5 25. Re2 b5 26. Rd2 Rc8 27. Kb1 Rc5 28. Na2 Bxa2+ 29. Kxa2 h5 30. b4 axb4 31. axb4 Rc3 32. Kb2 Re3 33. Kc2 Kf6 34. Rd7 h4 35. Rd3 Re2+ 36. Rd2 Re1 37. Kd3 g5 38. Rb2 Rh1 39. g3 hxg3 40. hxg3 Rg1 41. Ke3 Rxg3 42. Kf2 Rh3 43. Kg2 g4 44. fxg4 Re3 45. e5+ Kxe5 46. Rc2 Re4 47. Rc5+ Kd6 48. Rxb5 Rxg4+ 49. Kf3 f5 50. Ke3 Ke7 51. Rb8 Kd6 52. Rb6+ Ke5 53. Rb5+ Kf6 54. Rb8 Rg3+ 55. Kf2 Rb3 56. b5 Ke5 57. b6 Ke4 58. b7 e5 59. Ke2 f4 60. Kd2 f3 61. Kc2 Rb6 62. Kd2 Rb5 63. Kd1 Ke3 64. Re8 Rb1+ 65. Kc2 Rxb7 66. Rxe5+ Kf4 67. Re8 f2 68. Rf8+ Ke3 69. Re8+ Kf3 70. Rf8+ Ke2 71. Re8+ Kf1 72. Kd2 Rg7 0-1